00317nam a2200121Ia 4500008004100000041000800041082001500049100002700064245003700091260002300128300003200151365001200183240624s9999 xx 000 0 und d aeng a300.72 FAR aFARQUHAR JILLIAN DAWES aCASE STUDY RESEARCH FOR BUSINESS c2012aLondonbSage aviii, : 134 : p. : cm. ; 24 cGBPb50